000 00358nam a22001577a 4500
003 OSt
020 _aNA
040 _c0
082 _222
_a658.46
100 _aNA
245 _aHandbook for users of consulting services /
250 _a4th
260 _bPhilippines Asian Development Bank,
_cc 1993.
300 _aIx, 369p, ;
_bNA
_c24 cm.
942 _2ddc
_cGEN
999 _c4732
_d4732